Southville International School and Colleges
Your cart is empty.
  • Cart
  • Lists
    Public lists Eva Luna New books Lux_list list_1
    Your lists Log in to create your own lists
  • Log in to your account
  • Your cookies
  • Search history
Southville International School and Colleges
  • Advanced search
  • Recent comments
  • Most popular
  • Libraries

Log in to your account

Log in with GOOGLE


If you do not have an external account, but do have a local account, you can still log in:

  1. Home
  2. MARC view: The adventures of Tom Sawyer /
Normal view MARC view ISBD view

The adventures of Tom Sawyer / (Record no. 34965)

[ view plain ]
MARC details
000 -LEADER
fixed length control field 01213cam a2200373 a 4500
001 - CONTROL NUMBER
control field 641557
003 - CONTROL NUMBER IDENTIFIER
control field OSt
005 - DATE AND TIME OF LATEST TRANSACTION
control field 20140310184517.0
008 - FIXED-LENGTH DATA ELEMENTS--GENERAL INFORMATION
fixed length control field 930503s1992 ilua 000 1 eng
010 ## - LIBRARY OF CONGRESS CONTROL NUMBER
LC control number 93148698
020 ## - INTERNATIONAL STANDARD BOOK NUMBER
International Standard Book Number 0894341278
040 ## - CATALOGING SOURCE
Original cataloging agency DLC
Transcribing agency DLC
Modifying agency DLC
042 ## - AUTHENTICATION CODE
Authentication code lcac
050 ## - LIBRARY OF CONGRESS CALL NUMBER
Classification number PZ 7
Item number .T969 1876
100 1# - MAIN ENTRY--PERSONAL NAME
Personal name Twain, Mark,
Dates associated with a name 1835-1910.
9 (RLIN) 5357
245 14 - TITLE STATEMENT
Title The adventures of Tom Sawyer /
Statement of responsibility, etc Mark Twain (Samuel L. Clemens).
260 ## - PUBLICATION, DISTRIBUTION, ETC. (IMPRINT)
Place of publication, distribution, etc Chicago, Ill. :
Name of publisher, distributor, etc J.G. Ferguson Pub. Co.,
Date of publication, distribution, etc 1876.
300 ## - PHYSICAL DESCRIPTION
Extent xiii, 272 p. ;
Other physical details ill. ;
Dimensions 22 cm.
521 ## - TARGET AUDIENCE NOTE
Target audience note
526 ## - STUDY PROGRAM INFORMATION NOTE
Reading level 950
650 #0 - SUBJECT ADDED ENTRY--TOPICAL TERM
Topical term or geographic name as entry element Sawyer, Tom (Fictitious character)
General subdivision Fiction.
9 (RLIN) 5358
650 #0 - SUBJECT ADDED ENTRY--TOPICAL TERM
Topical term or geographic name as entry element Runaway children
Form subdivision Fiction.
9 (RLIN) 5359
650 #0 - SUBJECT ADDED ENTRY--TOPICAL TERM
Topical term or geographic name as entry element Child witnesses
Form subdivision Fiction.
9 (RLIN) 5360
650 #0 - SUBJECT ADDED ENTRY--TOPICAL TERM
Topical term or geographic name as entry element Male friendship
Form subdivision Fiction.
9 (RLIN) 5361
650 #0 - SUBJECT ADDED ENTRY--TOPICAL TERM
Topical term or geographic name as entry element Boys
General subdivision Fiction.
9 (RLIN) 5362
651 #0 - SUBJECT ADDED ENTRY--GEOGRAPHIC NAME
Geographic name Mississippi River Valley
General subdivision Fiction.
9 (RLIN) 5363
651 #0 - SUBJECT ADDED ENTRY--GEOGRAPHIC NAME
Geographic name Missouri
General subdivision Fiction.
9 (RLIN) 5364
655 #7 - INDEX TERM--GENRE/FORM
Genre/form data or focus term Adventure stories.
Source of term gsafd
9 (RLIN) 2927
655 #7 - INDEX TERM--GENRE/FORM
Genre/form data or focus term Humorous stories.
Source of term gsafd
9 (RLIN) 5365
906 ## - LOCAL DATA ELEMENT F, LDF (RLIN)
a 7
b cbc
c orignew
d 2
e ncip
f 19
g y-gencatlg
942 ## - ADDED ENTRY ELEMENTS (KOHA)
Source of classification or shelving scheme Library of Congress Classification
Koha item type
Holdings
Withdrawn status Lost status Source of classification or shelving scheme Damaged status Home library Current library Shelving location Date acquired Total Checkouts Full call number Barcode Date last seen Copy number Price effective from Koha item type
    Library of Congress Classification   Luxembourg Library Luxembourg Library Scholastic Reading Center Section 10/16/2013   PZ 7 .T969 1876 SCHO0072 04/18/2017 1 10/16/2013 Books

The adventures of Tom Sawyer /

APA

Twain M., . (1876). The adventures of Tom Sawyer. Chicago, Ill: J.G. Ferguson Pub. Co.

Chicago

Twain Mark, . 1876. The adventures of Tom Sawyer. Chicago, Ill: J.G. Ferguson Pub. Co.

Harvard

Twain M., . (1876). The adventures of Tom Sawyer. Chicago, Ill: J.G. Ferguson Pub. Co.

MLA

Twain Mark, . The adventures of Tom Sawyer. Chicago, Ill: J.G. Ferguson Pub. Co. 1876.

  • Place hold
  • Print
  • Cite
  • Add to your cart (remove)
  • Save record
    BIBTEX Dublin Core MARCXML MARC (non-Unicode/MARC-8) MARC (Unicode/UTF-8) MARC (Unicode/UTF-8, Standard) MODS (XML) RIS
  • More searches
    Search for this title in:
    Other Libraries (WorldCat) Other Databases (Google Scholar) Online Stores (Bookfinder.com) Open Library (openlibrary.org)

Exporting to Dublin Core...

SOUTHVILLE LIBRARY

Southville International School and Colleges Library

1281 Tropical Ave. Cor. Luxembourg St., BF Homes International, Las Pinas City

Tel. No. 8256374 / 252358 Loc. 117/146

Powered by Koha